000 00361nam a2200169Ia 4500
001 6173
005 20250626025548.0
008 211022s9999 xx 000 0 und d
082 _a749.63 GLA
100 _aGlashutte
245 0 _aCatalogue of Lighting Fitting
260 _aLimburg
260 _bGlashutte
260 _c1973
300 _av.p
942 _cBK
999 _c5547
_d5547